| 000 | 00516nam a22002177a 4500 | ||
|---|---|---|---|
| 003 | UA-OsUOA | ||
| 001 | 7096 | ||
| 007 | ta | ||
| 008 | 20040206b un ||||| |||| 00| 0 ukr d | ||
| 090 | _a82 | ||
| 942 | _cBK | ||
| 040 |
_aUA-OsUOA _brus _cUA-OsUOA _dUA-OsUOA |
||
| 245 |
_aИностранная литература _bЛитературно-художественній журнал |
||
| 955 | _a0 | ||
| 041 | _arus | ||
| 080 | _a82 | ||
| 260 | _aМ. | ||
| 044 | _aUA | ||
| 650 | 7 | _2UDC | |
| 999 |
_c293257 _d293257 |
||